<?xml version="1.0" encoding="UTF-8"?>
<record
    xmlns:xsi="http://www.w3.org/2001/XMLSchema-instance"
    xsi:schemaLocation="http://www.loc.gov/MARC21/slim http://www.loc.gov/standards/marcxml/schema/MARC21slim.xsd"
    xmlns="http://www.loc.gov/MARC21/slim">

  <leader>03030nam a2200661 a 4500</leader>
  <controlfield tag="005">20240412115312.0</controlfield>
  <controlfield tag="008">110405t2005||||AG a   f |||| 001 0 spa d</controlfield>
  <datafield tag="020" ind1=" " ind2=" ">
    <subfield code="a">9879838831</subfield>
  </datafield>
  <datafield tag="041" ind1=" " ind2=" ">
    <subfield code="a">spa</subfield>
  </datafield>
  <datafield tag="092" ind1=" " ind2=" ">
    <subfield code="c">616.12</subfield>
    <subfield code="l">17</subfield>
    <subfield code="s">DOV</subfield>
  </datafield>
  <datafield tag="100" ind1="1" ind2=" ">
    <subfield code="a">Doval, Hern&#xE1;n C.</subfield>
    <subfield code="9">3035</subfield>
  </datafield>
  <datafield tag="245" ind1=" " ind2=" ">
    <subfield code="a">Evidencias en Cardiolog&#xED;a IV.</subfield>
    <subfield code="b">De los ensayos cl&#xED;nicos a las conductas terap&#xE9;uticas /</subfield>
    <subfield code="c">Hern&#xE1;n C. Doval</subfield>
  </datafield>
  <datafield tag="250" ind1=" " ind2=" ">
    <subfield code="a">4a ed. ampliada y actualizada</subfield>
  </datafield>
  <datafield tag="260" ind1=" " ind2=" ">
    <subfield code="a">Buenos Aires: </subfield>
    <subfield code="b">GEDIC ; Atlante;</subfield>
    <subfield code="c">2005.</subfield>
  </datafield>
  <datafield tag="300" ind1=" " ind2=" ">
    <subfield code="a">790 p.</subfield>
    <subfield code="e">Incluye Manual Pr&#xE1;ctico</subfield>
    <subfield code="b">il.</subfield>
  </datafield>
  <datafield tag="500" ind1=" " ind2=" ">
    <subfield code="a">Doval, H. C., Tajer, C. D. y Ferrante, D. (Coord.). (2005). Evidencias en Cardiolog&#xED;a IV. De los ensayos cl&#xED;nicos a las conductas terap&#xE9;uticas. (4a ed.). Buenos Aires : GEDIC ; Atlante.</subfield>
  </datafield>
  <datafield tag="653" ind1=" " ind2=" ">
    <subfield code="a">Interpretaci&#xF3;n de ensayos cl&#xED;nicos. Ensayos terap&#xE9;uticos, metaan&#xE1;lisis, doagn&#xF3;stico y pron&#xF3;stico. Herramientas conceptuales y t&#xE9;cnicas</subfield>
  </datafield>
  <datafield tag="653" ind1=" " ind2=" ">
    <subfield code="a">Evidencias, pr&#xE1;ctica cl&#xED;nica y el paciente individual</subfield>
  </datafield>
  <datafield tag="653" ind1=" " ind2=" ">
    <subfield code="a">Efectos adversos de farmacos comunes usados en cardiolog&#xED;a</subfield>
  </datafield>
  <datafield tag="653" ind1=" " ind2=" ">
    <subfield code="a">Prevenci&#xF3;n primaria de las enfermedades cardiovasculares</subfield>
  </datafield>
  <datafield tag="653" ind1=" " ind2=" ">
    <subfield code="a">Prevenci&#xF3;n secundaria de las enfermedades cardiovascular</subfield>
  </datafield>
  <datafield tag="653" ind1=" " ind2=" ">
    <subfield code="a">Hipertensi&#xF3;n arterial</subfield>
  </datafield>
  <datafield tag="653" ind1=" " ind2=" ">
    <subfield code="a">Diabetes y enfermedad cardiovascular</subfield>
  </datafield>
  <datafield tag="653" ind1=" " ind2=" ">
    <subfield code="a">Cardiopat&#xED;a isqu&#xE9;mica</subfield>
  </datafield>
  <datafield tag="653" ind1=" " ind2=" ">
    <subfield code="a">Dolor precordial</subfield>
  </datafield>
  <datafield tag="653" ind1=" " ind2=" ">
    <subfield code="a">Tratamiento de la angina cr&#xF3;nica estable</subfield>
  </datafield>
  <datafield tag="653" ind1=" " ind2=" ">
    <subfield code="a">Sindrome X card&#xED;aco</subfield>
  </datafield>
  <datafield tag="653" ind1=" " ind2=" ">
    <subfield code="a">Tratamiento de la angina inestable y del infarto sin elevaci&#xF3;n del ST</subfield>
  </datafield>
  <datafield tag="653" ind1=" " ind2=" ">
    <subfield code="a">Tratamiento del infarto agudo de miocardio con elevaci&#xF3;n del segmento ST</subfield>
  </datafield>
  <datafield tag="653" ind1=" " ind2=" ">
    <subfield code="a">Complicaciones del infarto agudo de miocardio</subfield>
  </datafield>
  <datafield tag="653" ind1=" " ind2=" ">
    <subfield code="a">Estratificaci&#xF3;n del riesgo tras el infarto de miocardio</subfield>
  </datafield>
  <datafield tag="653" ind1=" " ind2=" ">
    <subfield code="a">Angioplast&#xED;a transluminal coronaria</subfield>
  </datafield>
  <datafield tag="653" ind1=" " ind2=" ">
    <subfield code="a">Evaluaci&#xF3;n prequir&#xFA;rgica en cirug&#xED;a no card&#xED;aca</subfield>
  </datafield>
  <datafield tag="653" ind1=" " ind2=" ">
    <subfield code="a">Insuficiencia card&#xED;aca y miocardiopat&#xED;as</subfield>
  </datafield>
  <datafield tag="653" ind1=" " ind2=" ">
    <subfield code="a">Insuficiencia card&#xED;aca cr&#xF3;nica</subfield>
  </datafield>
  <datafield tag="653" ind1=" " ind2=" ">
    <subfield code="a">Tratamiento de la enfermedad de Chagas</subfield>
  </datafield>
  <datafield tag="653" ind1=" " ind2=" ">
    <subfield code="a">Miocardiopat&#xED;a hipertr&#xF3;fica</subfield>
  </datafield>
  <datafield tag="653" ind1=" " ind2=" ">
    <subfield code="a">Insuficiencia card&#xED;aca avanzada</subfield>
  </datafield>
  <datafield tag="653" ind1=" " ind2=" ">
    <subfield code="a">Fibrilaci&#xF3;n auricular</subfield>
  </datafield>
  <datafield tag="653" ind1=" " ind2=" ">
    <subfield code="a">Arritmias y s&#xED;ncope</subfield>
  </datafield>
  <datafield tag="653" ind1=" " ind2=" ">
    <subfield code="a">Tratamiento de las arritmias supraventriculares: ablaci&#xF3;n por radiofrecuencia</subfield>
  </datafield>
  <datafield tag="653" ind1=" " ind2=" ">
    <subfield code="a">S&#xED;ncope</subfield>
  </datafield>
  <datafield tag="653" ind1=" " ind2=" ">
    <subfield code="a">Marcapasos permanentes</subfield>
  </datafield>
  <datafield tag="653" ind1=" " ind2=" ">
    <subfield code="a">Muerte s&#xFA;bita</subfield>
  </datafield>
  <datafield tag="653" ind1=" " ind2=" ">
    <subfield code="a">Valvulopat&#xED;as</subfield>
  </datafield>
  <datafield tag="653" ind1=" " ind2=" ">
    <subfield code="a">Valvulopat&#xED;a a&#xF3;rtica</subfield>
  </datafield>
  <datafield tag="653" ind1=" " ind2=" ">
    <subfield code="a">Valvulopat&#xED;a mitral</subfield>
  </datafield>
  <datafield tag="653" ind1=" " ind2=" ">
    <subfield code="a">Profilaxis antivi&#xF3;tica en la endocarditis infecciosa</subfield>
  </datafield>
  <datafield tag="653" ind1=" " ind2=" ">
    <subfield code="a">Enfermedad vascular</subfield>
  </datafield>
  <datafield tag="653" ind1=" " ind2=" ">
    <subfield code="a">Enfermedad de la arteria car&#xF3;tida interna</subfield>
  </datafield>
  <datafield tag="653" ind1=" " ind2=" ">
    <subfield code="a">Arteriopat&#xED;a obstructiva de los miembros inferiores</subfield>
  </datafield>
  <datafield tag="653" ind1=" " ind2=" ">
    <subfield code="a">Aneurisma de aorta abdominal</subfield>
  </datafield>
  <datafield tag="653" ind1=" " ind2=" ">
    <subfield code="a">Disecci&#xF3;n a&#xF3;rtica y aneurisma tor&#xE1;cico</subfield>
  </datafield>
  <datafield tag="653" ind1=" " ind2=" ">
    <subfield code="a">Trombosis venosa profunda-tromboembolismo pulmonar</subfield>
  </datafield>
  <datafield tag="700" ind1="1" ind2=" ">
    <subfield code="a">Tajer, Carlos D.</subfield>
    <subfield code="9">3036</subfield>
  </datafield>
  <datafield tag="700" ind1="1" ind2=" ">
    <subfield code="a">Ferrante, Daniel</subfield>
    <subfield code="e">Coord.</subfield>
    <subfield code="9">3037</subfield>
  </datafield>
  <datafield tag="942" ind1=" " ind2=" ">
    <subfield code="2">ddc</subfield>
    <subfield code="c">BK</subfield>
  </datafield>
  <datafield tag="999" ind1=" " ind2=" ">
    <subfield code="c">2245</subfield>
    <subfield code="d">2245</subfield>
  </datafield>
  <datafield tag="952" ind1=" " ind2=" ">
    <subfield code="0">0</subfield>
    <subfield code="1">0</subfield>
    <subfield code="2">ddc</subfield>
    <subfield code="4">0</subfield>
    <subfield code="7">0</subfield>
    <subfield code="a">BFM</subfield>
    <subfield code="b">BFM</subfield>
    <subfield code="c">CR</subfield>
    <subfield code="d">2016-03-17</subfield>
    <subfield code="e">Donaci&#xF3;n marzo 2016</subfield>
    <subfield code="l">0</subfield>
    <subfield code="o">616.12 17 DOV</subfield>
    <subfield code="p">3637</subfield>
    <subfield code="r">2016-03-17</subfield>
    <subfield code="t">Ej.1</subfield>
    <subfield code="w">2016-03-17</subfield>
    <subfield code="y">BK</subfield>
    <subfield code="z">Donaci&#xF3;n marzo 2016</subfield>
  </datafield>
</record>
